[Event "Capablanca Memorial U15 2nd"]
[Site "Havana"]
[Date "2018.05.19"]
[Round "7"]
[White "Diaz Rodriguez, Leandro"]
[Black "Cordon Antunez, Olga Rachel"]
[Result "1/2-1/2"]
[WhiteElo "1733"]
[BlackElo "1860"]
[PlyCount "89"]
[EventDate "2018.05.14"]
[EventType "swiss"]
[EventRounds "7"]
[EventCountry "CUB"]
[SourceTitle "EXT 2021"]
[Source "ChessBase"]
[SourceDate "2020.10.23"]
[SourceVersion "1"]
[SourceVersionDate "2020.10.23"]
[SourceQuality "1"]

1. e4 e5 2. Nf3 Nc6 3. d4 exd4 4. Nxd4 Bc5 5. Be3 Qf6 6. c3 Nge7 7. Bc4 0-0 8. 0-0 Ne5 9. Be2 d5 10. b4 Bb6 11. f4 Nc4 12. Bxc4 dxc4 13. Nd2 Bxd4 14. Bxd4 Qc6 15. f5 f6 16. Qe2 b5 17. Nf3 Re8 18. Qc2 a5 19. a4 Bd7 20. axb5 Qxb5 21. Bc5 Nc6 22. Qd2 Rad8 23. Nd4 Nxd4 24. Rxa5 Qb7 25. Bxd4 Qxe4 26. Qf2 Bc6 27. Rc5 Rd7 28. Qg3 Bd5 29. Ra5 Qd3 30. Raa1 Qxg3 31. hxg3 Re2 32. Rf2 Rxf2 33. Kxf2 Kf7 34. g4 Re7 35. g3 Ke8 36. Re1 Rxe1 37. Kxe1 Bf3 38. g5 Kf7 39. gxf6 gxf6 40. b5 Bg4 41. Ba7 Bxf5 42. Bb8 Bd7 43. Bxc7 Bxb5 44. Kf2 Bc6 45. Ke3 1/2-1/2

[Event "Maria Teresa Mora Memorial op"]
[Site "Havana"]
[Date "2018.??.??"]
[Round "7"]
[White "Diaz Rodriguez, Leandro"]
[Black "Corujedo Hernandez, Rafael"]
[Result "0-1"]
[WhiteElo "1809"]
[BlackElo "1851"]
[PlyCount "105"]
[EventDate "2018.03.08"]
[EventType "swiss"]
[EventRounds "9"]
[EventCountry "CUB"]
[SourceTitle "EXT 2021"]
[Source "ChessBase"]
[SourceDate "2020.10.23"]
[SourceVersion "1"]
[SourceVersionDate "2020.10.23"]
[SourceQuality "1"]

1. e4 e5 2. Nf3 Nf6 3. Nxe5 d6 4. Nf3 Nxe4 5. Nc3 Nxc3 6. dxc3 Be7 7. Bd3 0-0 8. 0-0 Bg4 9. h3 Bh5 10. Bf4 Nd7 11. Re1 Nc5 12. Be2 Bf6 13. Nd4 Bxe2 14. Qxe2 Bxd4 15. cxd4 Ne6 16. Be3 d5 17. Qf3 c6 18. Rad1 Qh4 19. Qf5 Rae8 20. g3 Qd8 21. b3 Re7 22. Bc1 Nxd4 23. Qg4 Rxe1+ 24. Rxe1 Ne6 25. Bb2 d4 26. Rd1 f5 27. Qe2 Qd5 28. Qd3 c5 29. Re1 Ng5 30. Re7 Nxh3+ 31. Kf1 Qh1+ 32. Ke2 Ng1+ 33. Kd2 Nf3+ 34. Ke2 Qe1+ 35. Kxf3 Qxe7 36. b4 Qe4+ 37. Qxe4 fxe4+ 38. Kxe4 Rxf2 39. bxc5 Rxc2 40. Bxd4 Rxa2 41. Kd5 Rd2 42. Kc4 Kf7 43. Be5 g5 44. Bb8 a6 45. Kb4 Ke6 46. Ka5 Rb2 47. Bd6 Kd5 48. Ka4 h5 49. Ka3 Rb5 50. Be7 g4 51. Bd6 Rxc5 52. Bxc5 Kxc5 53. Kb3 0-1

[Event "Maria Teresa Mora Memorial op"]
[Site "Havana"]
[Date "2018.??.??"]
[Round "3"]
[White "Diaz Rodriguez, Leandro"]
[Black "Perez Alarcon, Rafael"]
[Result "0-1"]
[WhiteElo "1809"]
[BlackElo "1943"]
[PlyCount "128"]
[EventDate "2018.03.08"]
[EventType "swiss"]
[EventRounds "9"]
[EventCountry "CUB"]
[SourceTitle "EXT 2021"]
[Source "ChessBase"]
[SourceDate "2020.10.23"]
[SourceVersion "1"]
[SourceVersionDate "2020.10.23"]
[SourceQuality "1"]

1. e4 d5 2. exd5 Nf6 3. Nf3 g6 4. Bb5+ Bd7 5. Bxd7+ Qxd7 6. 0-0 Nxd5 7. d4 Bg7 8. Bg5 0-0 9. c3 Nc6 10. Nbd2 h6 11. Bh4 f5 12. c4 Nb6 13. d5 Na5 14. Qe2 Rae8 15. Rac1 Bxb2 16. Rb1 Bc3 17. Rfc1 Bg7 18. Rb5 Nbxc4 19. Nxc4 Qxb5 20. Qe6+ Kh7 21. Nce5 Bf6 22. Nd7 Qb2 23. Nxf8+ Rxf8 24. Re1 Kg7 25. Bxf6+ exf6 26. h3 Qb4 27. Rc1 Rf7 28. Qe3 Qb6 29. Nd4 Kh7 30. Qc3 c5 31. dxc6 Nxc6 32. Nxc6 bxc6 33. Qxc6 Qb2 34. Qc4 Re7 35. a4 Qe5 36. Qc6 g5 37. Qa6 g4 38. Qd3 gxh3 39. Qxh3 Qf4 40. Qa3 Rg7 41. Rc3 Rd7 42. Rc1 Kg6 43. Re1 Rd2 44. Rf1 Rd4 45. a5 Qd6 46. Qa2 Kg7 47. Rb1 Rd5 48. Qa4 Re5 49. Qa2 Qa6 50. Rd1 Qb7 51. Qa4 Kg6 52. Qa2 Re8 53. Qa4 Re7 54. Qa3 Rg7 55. Rd3 Kh7 56. Rg3 Qb1+ 57. Kh2 Qb8 58. Kh3 Qg8 59. Qf3 Rg5 60. Rxg5 Qxg5 61. Qb7+ Kg6 62. g3 Qg4+ 63. Kh2 Qd4 64. Qf3 Qc5 0-1